000 00613nam a2200241Ia 4500
001 17834
005 20240113235819.0
007 ta
008 060106s1976 g b000 u asm u
040 _aCotton College,Assam
041 _aasm
082 _a891.4141
_bK 642 Ev
100 _aKumar Kishore, .
245 0 _aEve Aru Edipach /
_cKumar Kishore.
_hTextual Documents
250 _a1st ed. /
260 _aGuwahati :
_bUdayan Prakash ,
_c1976.
300 _a45p. ;
_c22cm.
653 _aAssamese Novel
653 _aG-Assamese
942 _2ddc
_cBK
999 _c17816
_d17816